000 00431nam a2200181Ia 4500
001 11481
005 20260306162831.0
008 260306t2010||||xx |||||||||||||| ||spa||
041 _aESP
082 _a985.06
_bM26
100 _aMarkham, Clements R.
_eAUT
245 0 _aLa guerra entre el Perú y Chile
260 _c2010
300 _a227 páginas :
_c21 cm.
650 _aGEN
654 _aCHU
942 _cLIB
_dJUS
_fJUS
_2ddc
_n
999 _c11481
_d11481